Hydrogen Energy System (Record no. 562548)

000 -LEADER
fixed length control field 00273nam a2200109Ia 4500
008 - FIXED-LENGTH DATA ELEMENTS--GENERAL INFORMATION
fixed length control field 210430s9999 xx 000 0 und d
082 ## - DEWEY DECIMAL CLASSIFICATION NUMBER
Classification number 665.81 H992 H
100 ## - MAIN ENTRY--PERSONAL NAME
Personal name Yuda Yurum
9 (RLIN) 53010
245 ## - TITLE STATEMENT
Title Hydrogen Energy System
Statement of responsibility, etc. Yuda Yurum
300 ## - PHYSICAL DESCRIPTION
Extent 341 p.
942 ## - ADDED ENTRY ELEMENTS (KOHA)
Koha item type Book
Source of classification or shelving scheme
Holdings
Withdrawn status Lost status Damaged status Not for loan Collection code Permanent Location Current Location Shelving location Date acquired Total Checkouts Full call number Barcode Date last seen Price effective from Koha item type
          School of Chemical & Materials Engineering (SCME) School of Chemical & Materials Engineering (SCME) General Stacks     665.81 H992 H SCME-1427 04/30/2021 04/30/2021 Book
© 2023 Central Library, National University of Sciences and Technology. All Rights Reserved.